000 00585nam a22001937a 4500
005 20251108172832.0
008 250721s2000 xx 000 0 ara d
082 1 4 _aم/929.356/قتي
100 1 _aابن قتيبة، أبو محمد عبدالله بن مسلم
245 1 0 _aمن كتاب المعارف /
264 1 _aدمشق :
_bمكتبة الاسد،
_c2000.
300 _a614 ص
490 0 _aالمختار من التراث العربي
_v84
650 1 7 _aالعرب
650 1 7 _aالانساب
650 1 7 _aالتراجم
942 _2ddc
_cREF
999 _c89656
_d89656